| 000 | 01052cam a2200301 4500 | ||
|---|---|---|---|
| 001 | M86919 | ||
| 008 | 090401t1997 xxu||||| |||| 00| 0 eng d | ||
| 035 | _a(Sirsi) u81317 | ||
| 041 | _aeng | ||
| 050 |
_a690.241 _c18 |
||
| 110 |
_aRoyal Institution of Chartered Surveyors _bBuilding Conservation Practice Panel _94564 |
||
| 245 | _aChurch inspections | ||
| 260 |
_aLondon _bRICS _c1997 |
||
| 300 |
_a[8]p. _c30cm. |
||
| 350 | _a0 | ||
| 490 |
_aRICS Do's and Don'ts Guide _v2 |
||
| 490 |
_aRICS Building Conservation Journal _v(17) Summer 1997 |
||
| 520 | _aGuidance prepared in conjunction with the RICS Building Conservation Practice Panel. Published in "Building Conservation Journal". | ||
| 650 | _aCHURCH BUILDINGS | ||
| 650 | _aCHURCH INSPECTIONS | ||
| 650 | _aCHURCHES | ||
| 650 | _aQUINQUENNIAL INSPECTIONS | ||
| 690 | _aBUILT ENVIRONMENT-BUILDING MAINTENANCE AND REFURBISHMENT-BUILDING CONSERVATION | ||
| 700 | _aRedman, Tony | ||
| 710 |
_aRoyal Institution of Chartered Surveyors _94900 |
||
| 942 | _n0 | ||
| 948 | _c07/10/1997 | ||
| 999 |
_c96697 _d96697 |
||